000 01224nam a2200313Ia 4500
001 Z_6986
003 CHAP
008 220113s2017 xx 000 0 und d
010 _a170244
040 _cCHAP
082 _aC 630.972 M49 2017
110 _aMéxico.
_bServicio de Información Agroalimentaria y Pesquera
_9146339
240 _aAtlas agroalimentario 2017
245 _aAtlas agroalimentario México 2017 /
_c Servicio de Información Agroalimentaria y Pesquera
246 _aAtlas agroalimentario 2017 : México siembra éxito
260 _aMéxico :
_bSAGARPA :,
_bSIAP,
_c2017
300 _a231 p.
500 _aTítulo de la cubierta: Atlas agroalimentario 2017 : México siembra éxito
503 _aej.1: donación (SIAP) \ ej.2: donación (SIAP)
650 _aAbastecimiento de alimentos
_x
_x México
_x
_x Atlas
_9146340
650 _aAgricultura
_x
_x México
_x
_x Atlas
_9146341
710 _aServicio de Información Agroalimentaria y Pesquera (SIAP). (México) \ Secretaría de Agricultura, Ganadería, Desarrollo Rural, Pesca y Alimentación (SAGARPA). (México)
_9145598
901 _aC 630.972 M49 2017
902 _aM
910 _a2017
942 _c1
942 _cc1
999 _c170244
_d170244